| 000 -LEADER |
| fixed length control field |
00550cam a22001577a 4500 |
| 008 - FIXED-LENGTH DATA ELEMENTS--GENERAL INFORMATION |
| fixed length control field |
180718b2005 xxu||||| |||| 00| 0 eng d |
| 100 ## - MAIN ENTRY--PERSONAL NAME |
| Personal name |
Balat, Jorge F. |
| 245 ## - TITLE STATEMENT |
| Title |
The WTO Doha Round, cotton sector dynamics, and poverty trends in Zambia |
| Statement of responsibility, etc. |
by Jorge F. Balat and Guido G. Porto |
| 260 ## - PUBLICATION, DISTRIBUTION, ETC. |
| Place of publication, distribution, etc. |
Washington, D.C. |
| Name of publisher, distributor, etc. |
World Bank |
| Date of publication, distribution, etc. |
2005 |
| 300 ## - PHYSICAL DESCRIPTION |
| Extent |
36p. |
| 440 ## - SERIES STATEMENT/ADDED ENTRY--TITLE |
| Title |
Policy research working paper; no. 3697 |
| 650 ## - SUBJECT ADDED ENTRY--TOPICAL TERM |
| Topical term or geographic name entry element |
Children --Nutrition --Zambia |
| 650 ## - SUBJECT ADDED ENTRY--TOPICAL TERM |
| Topical term or geographic name entry element |
Rural poor --Zambia |
| 650 ## - SUBJECT ADDED ENTRY--TOPICAL TERM |
| Topical term or geographic name entry element |
Cotton growing --Zambia |
| 700 ## - ADDED ENTRY--PERSONAL NAME |
| Personal name |
Porto, Guido G. |